Las Actuaciones Administrativas

Detalles Bibliográficos
Autor principal: Quintero, Leonel
Formato: eBook
Lenguaje:español
Publicado: Bogot:̀ Editorial Acadm̌ica Espaǫla, 2019
Materias:
Acceso en línea:Acceso restringido

MARC

LEADER 00000nam a22000007a 4500
005 20190920131026.0
007 cr|||| ||||
008 190920s2019 co |||||s|||| 00||0 spa d
020 |a 9786139404216 
035 |a 25379 
040 |a vLex 
090 |c 9617  |d 9617 
100 1 |a Quintero, Leonel 
245 1 3 |a Las Actuaciones Administrativas  |h [Recurso electrn̤ico] /  |c Leonel Quintero 
256 |a Servicio en ln̕ea 
260 |a Bogot:̀  |b Editorial Acadm̌ica Espaǫla,  |c 2019 
300 |a 1 recurso electrn̤ico 
500 |a Esta obra muestra en conjunto las actuaciones administrativas como parte integradora de la funcin̤ pb︢lica haciendo ňfasis en el origen de las mismas y en la necesaria ritualidad procesal desarrollada por las autoridades pb︢licas vinculadas a la rama ejecutiva del poder pb︢lico de manera especial y a las dems̀ componentes del poder pb︢lico, como lo indica la misma codificacin̤ dictada como efecto de hacer eco a la vocacin̤ constitucional de ser Colombia un verdadero Estado de Derecho. 
506 1 |a Disponible solo en los productos indicados  |d vLex Global  |d vLex Global (Academic Edition, excluding Law Schools)  |d vLex Global (U.S. Academic Edition, Law Schools)  |d vLex Global (U.S. Academic Edition, excluding Law Schools)  |d vLex Global (Academic Edition, Law Schools) 
650 0 4 |a Derecho Pb︢lico y Administrativo  |z Colombia 
740 0 |a vLex Libros (Servicio en ln̕ea) 
856 4 0 |u http://vlex.com/source/25379  |z Acceso restringido 
942 |c BOOK 
999 0 |a Public and Administrative Law